|
|
|
|
| LEADER |
00000nam a22000007a 4500 |
| 005 |
20180504230650.0 |
| 007 |
cr|||| |||| |
| 008 |
180504s2018 es |||||s|||| 00||0 spa d |
| 020 |
|
|
|a 978-84-7351-619-8
|
| 035 |
|
|
|a 21585
|
| 040 |
|
|
|a vLex
|
| 090 |
|
|
|c 7911
|d 7911
|
| 245 |
0 |
0 |
|a Libro blanco de polt̕icas pb︢licas de juventud
|h [Recurso electrn̤ico] /
|
| 256 |
|
|
|a Servicio en ln̕ea
|
| 260 |
|
|
|a Madrid:
|b Instituto Nacional de Administracin̤ Pb︢lica (INAP),
|c 2018
|
| 300 |
|
|
|a 1 recurso electrn̤ico
|
| 500 |
|
|
|a En la actualidad, el panorama a nivel regional e internacional esta marcado por la implementacin̤ de la Agenda 2030 de los Objetivos de Desarrollo Sostenible (ODS), lo que constituye un hito muy importante para el devenir del futuro de la poblacin̤ juvenil en su conjunto. En ese marco se resalta la significacin̤ de la estrategia vinculada con la cohesin̤ social intergeneracional en Iberoamřica y la consolidacin̤ del Organismo Internacional de Juventud para Iberoamřica (OIJ), como una institucin̤ de referencia en materia de juventud en el contexto de articulacin̤ y coordinacin̤ de la nueva arquitectura de cooperacin̤ en el mundo.
|
| 506 |
1 |
|
|a Disponible solo en los productos indicados
|d vLex Global
|d vLex Global (Academic Edition, excluding Law Schools)
|d vLex Global (U.S. Academic Edition, Law Schools)
|d vLex Global (U.S. Academic Edition, excluding Law Schools)
|d vLex Global (Academic Edition, Law Schools)
|
| 650 |
0 |
4 |
|a Derecho Pb︢lico y Administrativo
|z Espaą
|
| 740 |
0 |
|
|a vLex Libros (Servicio en ln̕ea)
|
| 856 |
4 |
0 |
|u http://vlex.com/source/libro-blanco-de-politicas-publicas-de-juventud-21585
|z Acceso restringido
|
| 942 |
|
|
|c BOOK
|
| 999 |
0 |
|
|a Public and Administrative Law
|